Statystyki dla Najdłuższe rzeki przepływające przez terytorium miasta Łodzi

Kliknij tutaj aby rozwiązać quiz!

Ogólne statystyki

  • Ten quiz został rozwiązany 58 razy
  • Średni wynik to 5 z 10

Statystyki odpowiedzi

łączna długość rzeki kmnazwa rzeki% Poprawnych
20Łódka
85%
134Ner
81%
166Bzura
73%
12,6Jasień
54%
7,5Bałutka
48%
12,5Olechówka
48%
10,2Sokołówka
48%
29Miazga
31%
25,5Dobrzynka
29%
8,4Jasieniec
19%

Rozkład punktacji

Percentyl według liczby udzielonych odpowiedzi

Procent ludzi z każdym wynikiem

Twoja historia wyników

Nie rozwiązałeś tego quizu